Catálogo
 En Linea

Viaje oficial por el interior de la República / (Registro nro. 33071)

Detalles MARC
000 -CABECERA
campo de control de longitud fija 00735nam a2200205 a 4500
001 - NÚMERO DE CONTROL
campo de control 000033580
005 - FECHA Y HORA DE LA ÚLTIMA TRANSACCIÓN
campo de control 20240410073847.0
008 - DATOS DE LONGITUD FIJA--INFORMACIÓN GENERAL
campo de control de longitud fija 091204s1918 dr ac 001 0 spa d
040 ## - FUENTE DE LA CATALOGACIÓN
Centro catalogador/agencia de origen DO-SdBNP
Lengua de catalogación spa
Centro/agencia transcriptor BNPHU
082 ## - NÚMERO DE LA CLASIFICACIÓN DECIMAL DEWEY
Número de clasificación 917.293
Número de documento/Ítem A174v
049 ## - FONDOS LOCALES (OCLC)
Fondos de biblioteca BNPD
100 1# - ENTRADA PRINCIPAL--NOMBRE DE PERSONA
Nombre de persona Acevedo, Octavio A.
9 (RLIN) 31904
245 10 - MENCIÓN DE TÍTULO
Título Viaje oficial por el interior de la República /
Mención de responsabilidad, etc. Octavio A. Acevedo.
260 ## - PUBLICACIÓN, DISTRIBUCIÓN, ETC.
Lugar de publicación, distribución, etc. Santo Domingo :
Nombre del editor, distribuidor, etc. Tip. "El Progreso",
Fecha de publicación, distribución, etc. 1918.
300 ## - DESCRIPCIÓN FÍSICA
Extensión 44 p. :
Otras características físicas il., retrs. ;
Dimensiones 23 cm.
650 #4 - PUNTO DE ACCESO ADICIONAL DE MATERIA--TÉRMINO DE MATERIA
Término de materia o nombre geográfico como elemento de entrada Ciudades y pueblos
Subdivisión geográfica República Dominicana
9 (RLIN) 784
651 #4 - PUNTO DE ACCESO ADICIONAL DE MATERIA--NOMBRE GEOGRÁFICO
Nombre geográfico República Dominicana
Subdivisión general Descripciones Y Viajes
9 (RLIN) 1651
651 #0 - PUNTO DE ACCESO ADICIONAL DE MATERIA--NOMBRE GEOGRÁFICO
Nombre geográfico República Dominicana --
Subdivisión general Historia --
Subdivisión cronológica 1844-1930
9 (RLIN) 1009
910 ## - DATOS DE OPCIÓN DEL USUARIO (OCLC)
Datos de opción del usuario Validado. Control de calidad EMS
Existencias
Estado de retiro Estado de pérdida Restricciones de uso No para préstamo Código de colección Localización permanente Ubicación/localización actual Ubicación en estantería Fecha de adquisición Número de inventario Total de préstamos Signatura topográfica completa Código de barras Fecha visto por última vez Precio válido a partir de Tipo de ítem Koha Nota pública Número de copia
      Excluido de préstamo Raros y valiosos Patrimonio Dominicano Patrimonio Dominicano Depósito 01.09.2011 LF1   917.293 A174v 33580-10 25.06.2020 25.06.2020 No se presta Perteneció a la biblioteca personal de Martínez Boog.  
      Excluido de préstamo Raros y valiosos Patrimonio Dominicano Patrimonio Dominicano Depósito 09.09.2011 LF1   917.293 A174v 33580-20 25.06.2020 25.06.2020 No se presta Perteneció a la biblioteca personal de Federico Henríquez y Carvajal. e. 2

Con tecnología Koha